000 00451nam a2200181Ia 4500
001 2336
005 20260306144759.0
008 260306t2008||||xx |||||||||||||| ||spa||
041 _aESP
082 _a616.85832
_bB66
100 _aBobes García, Julio
_eAUT
245 0 _aDisfunción sexual y trastornos mentales en esquemas
260 _c2008
300 _a144 páginas :
_c24 cm.
650 _aGEN
654 _aCPS
942 _cLIB
_dJUS
_fJUS
_2ddc
_n
999 _c2336
_d2336